Tính sáng tạo của tư tưởng Hồ Chí Minh về vấn đề dân tộc và sự vận dụng của Đảng ta trong quá trình hội nhập quốc tế hiện nay

Cơ sở hình thành tư tưởng Hồ Chí Minh về vấn đề dân tộc. Hồ Chí Minh vận dụng sáng tạo những nguyên lý của chủ nghĩa Mác - Lênin để giải quyết vấn đeè dân tộc ở VN. Đảng ta vận dụng tư tưởng Hồ Chí Minh về vấn đề dân tộc và sự vận dụng của Đảng ta trong quá trình hội nhập quốc tế hiện nay...

पूर्ण विवरण

में बचाया:
ग्रंथसूची विवरण
मुख्य लेखक: Phan, Thị Lệ Thu
अन्य लेखक: Nguyễn, Tiến Lương Th.S (Hướng dẫn)
स्वरूप: पुस्तक
भाषा:Vietnamese
प्रकाशित: Đại học Đà Nẵng Trường đại học Sư Phạm 2011
श्रृंखला:Luận văn tốt nghiệp đại học. Chuyên ngành : Giáo dục chính trị
विषय:
टैग : टैग जोड़ें
कोई टैग नहीं, इस रिकॉर्ड को टैग करने वाले पहले व्यक्ति बनें!
Thư viện lưu trữ: Mạng thư viện Đại học Đà Nẵng
LEADER 01831nam a2200349 4500
001 000011762
003 8033
005 20120209150215.0
008 120209s2011 viesd
041 |a vie 
072 |a Khóa luận tốt nghiệp 
082 |a 335.4346  |b PH-T 
100 |a Phan, Thị Lệ Thu 
245 |a Tính sáng tạo của tư tưởng Hồ Chí Minh về vấn đề dân tộc và sự vận dụng của Đảng ta trong quá trình hội nhập quốc tế hiện nay  |c Phan, Thị Lệ Thu 
260 |a Đại học Đà Nẵng  |b Trường đại học Sư Phạm  |c 2011 
300 |a 80 tr.  |c 29 cm 
490 |a Luận văn tốt nghiệp đại học. Chuyên ngành : Giáo dục chính trị 
500 |a Tham khảo + phụ lục [3 tr.] 
520 |a Cơ sở hình thành tư tưởng Hồ Chí Minh về vấn đề dân tộc. Hồ Chí Minh vận dụng sáng tạo những nguyên lý của chủ nghĩa Mác - Lênin để giải quyết vấn đeè dân tộc ở VN. Đảng ta vận dụng tư tưởng Hồ Chí Minh về vấn đề dân tộc và sự vận dụng của Đảng ta trong quá trình hội nhập quốc tế hiện nay 
653 |a Luận văn tốt nghiệp đại học 
653 |a Khoa Giáo dục chính trị 
700 |a Nguyễn, Tiến Lương  |c Th.S  |e Hướng dẫn 
OWN |a LSP 
AVA |a UDN50  |b LSP  |d 335.4346 PH-T  |e available  |t Error 5001 Not defined in file expand_doc_bib_avail.  |f 1  |g 0  |h N  |i 0  |k 1 
999 |a From the UDN01 
AVA |a UDN50  |b LSP  |d 335.4346 PH-T  |e available  |t Error 5001 Not defined in file expand_doc_bib_avail.  |f 1  |g 0  |h N  |i 0  |k 1 
TYP |a Monograph 
TYP |a Printed language 
980 |a Mạng thư viện Đại học Đà Nẵng